[Event "AUS-ch"]
[Site "Adelaide"]
[Date "2024.01.05"]
[Round "5"]
[White "Dragicevic, Domagoj"]
[Black "De Vas Gunawardhana, AP Saminda"]
[Result "1-0"]
[WhiteElo "2040"]
[BlackElo "1801"]
[PlyCount "59"]
[EventDate "2024.01.02"]
[EventType "swiss"]
[EventRounds "11"]
[EventCountry "AUS"]
[SourceTitle "CB03_2024"]
[SourceDate "2024.01.17"]
[SourceVersion "1"]
[SourceVersionDate "2024.01.17"]
[SourceQuality "1"]

1. e4 c5 2. Nf3 Nc6 3. d4 cxd4 4. Nxd4 g6 5. Nc3 Bg7 6. Be3 Nf6 7. Bc4 0-0 8. Bb3 Re8 9. 0-0 d6 10. h3 a6 11. Qd2 Na5 12. Bh6 Bh8 13. Rfe1 b5 14. a4 Nxb3 15. cxb3 b4 16. Nd5 Nxd5 17. exd5 Qb6 18. Nc6 e6 19. Rac1 a5 20. dxe6 Bxe6 21. Qxd6 Qb7 22. Rc5 Bxb2 23. Nxa5 Qd7 24. Qxd7 Bxd7 25. Rxe8+ Rxe8 26. Nc4 Bc3 27. a5 Bf5 28. a6 Bc2 29. a7 Be4 30. Nd6 1-0